Current topics in cellular regulation. (Record no. 4970)

000 -LEADER
fixed length control field 03395cam a2200397Ii 4500
003 - CONTROL NUMBER IDENTIFIER
control field OSt
005 - DATE AND TIME OF LATEST TRANSACTION
control field 20220401064657.0
008 - FIXED-LENGTH DATA ELEMENTS--GENERAL INFORMATION
fixed length control field 220401b ||||| |||| 00| 0 eng d
040 ## - CATALOGING SOURCE
Transcribing agency ALUPE UNIVERSITY
050 ## - LIBRARY OF CONGRESS CALL NUMBER
Classification number QH604
Item number .H67 1977
245 00 - TITLE STATEMENT
Title Current topics in cellular regulation.
Number of part/section of a work Volume 4 /
Statement of responsibility, etc. edited by Bernard L. Horecker, Albert Einstein College of Medicine, Bronx, New York, Earl R. Stadtman, National Institutes of Health, Bethesda, Maryland.
264 #1 - PRODUCTION, PUBLICATION, DISTRIBUTION, MANUFACTURE, AND COPYRIGHT NOTICE
Place of production, publication, distribution, manufacture New York ;
-- London :
Name of producer, publisher, distributor, manufacturer Academic Press,
Date of production, publication, distribution, manufacture, or copyright notice c1977.
300 ## - PHYSICAL DESCRIPTION
Extent 1 online resource (280 pages) :
Other physical details illustrations
336 ## - CONTENT TYPE
Content type term text
Content type code txt
Source rdacontent
337 ## - MEDIA TYPE
Media type term computer
Media type code c
Source rdamedia
338 ## - CARRIER TYPE
Carrier type term online resource
Carrier type code cr
Source rdacarrier
440 ## - SERIES STATEMENT/ADDED ENTRY--TITLE
Title Current topics in cellular regulation
504 ## - BIBLIOGRAPHY, ETC. NOTE
Bibliography, etc. note Includes bibliographical references and indexes.
505 0# - FORMATTED CONTENTS NOTE
Formatted contents note Front Cover; Current Topics in Cellular Regulation; Copyright Page; Table of Contents; List of Contributors; Preface; Contents of Previous Volumes; Chapter 1. The Regulation of Arginine Metabolism in Saccharomycescerevisiae: Exclusion Mechanisms; I. Introduction; II. Inhibition of Ornithine Transcarbamylase by Epiarginase; III. Common Genetic Elements in the Control of Biosynthetic and Degradative Enzyme Synthesis; IV. Conclusions; References; Chapter 2. The Lac Repressor; I. Introduction; II. The Repressor Protein; III. Inducer Binding; V. The Mechanism of Induction; VI. The Operator.
505 8# - FORMATTED CONTENTS NOTE
Formatted contents note VII. Positive Control of the Lac Operon; VIII. The Mode of Action of the Lac Repressor; IX. Generalization; References; Chapter 3. L-Glutamate Dehydrogenases; I. Introduction; II. Physical and Chemical Properties of Glutamate Dehydrogenases; III. The Catalytic Reaction; IV. Purine Nucleotide Effects; V. Other Modifiers; VI. Chemical Modification; VII. Metabolic Role of Glutamate Dehydrogenases; VIII. Conclusion; References; Chapter 4. Regulation of Fatty Acid Biosynthesis; I. Introduction; II. Acetyl-CoA Carboxylase; III. Fatty Acid Synthetase; References.
505 8# - FORMATTED CONTENTS NOTE
Formatted contents note Chapter 5. Kinetic Analysis of Allosteric EnzymesI. Objective and Limits of the Review; II. Specific Examples; III. Conclusion; References; Chapter 6. Phosphorylase and the Control of Glycogen Degradation; I. Introduction; II. Structure, Activity, and Interconversion of Phosphorylase; III. State of Activity of Phosphorylase in Striated Muscle; IV. Phosphorylase Kinase; V. Phosphorylase Phosphatase Structure and Enzymatic Properties; VI. Control of Phosphorylase Activity in an Integrated System; VII. Significance of the Covalent Control of Metabolic Pathways; VIII. Concluding Remarks; References; Author Index; Subject Index.
520 ## - SUMMARY, ETC.
Summary, etc. Current Topics in Cellular Regulation.
588 0# - SOURCE OF DESCRIPTION NOTE
Source of description note Print version record.
650 #0 - SUBJECT ADDED ENTRY--TOPICAL TERM
Topical term or geographic name entry element Cellular control mechanisms.
650 #0 - SUBJECT ADDED ENTRY--TOPICAL TERM
Topical term or geographic name entry element Cytology.
650 #0 - SUBJECT ADDED ENTRY--TOPICAL TERM
Topical term or geographic name entry element Cell metabolism.
650 #7 - SUBJECT ADDED ENTRY--TOPICAL TERM
Topical term or geographic name entry element SCIENCE
General subdivision Life Sciences
-- Anatomy & Physiology.
Source of heading or term bisacsh
650 #7 - SUBJECT ADDED ENTRY--TOPICAL TERM
Topical term or geographic name entry element Cell metabolism.
Source of heading or term fast
Authority record control number or standard number (OCoLC)fst00850203
650 #7 - SUBJECT ADDED ENTRY--TOPICAL TERM
Topical term or geographic name entry element Cellular control mechanisms.
Source of heading or term fast
Authority record control number or standard number (OCoLC)fst00850278
650 #7 - SUBJECT ADDED ENTRY--TOPICAL TERM
Topical term or geographic name entry element Cytology.
Source of heading or term fast
Authority record control number or standard number (OCoLC)fst00886282
655 #4 - INDEX TERM--GENRE/FORM
Genre/form data or focus term Electronic books.
700 1# - ADDED ENTRY--PERSONAL NAME
Personal name Horecker, Bernard L.
Fuller form of name (Bernard Leonard),
Dates associated with a name 1914-
Relator term editor.
700 1# - ADDED ENTRY--PERSONAL NAME
Personal name Stadtman, Earl R.,
Relator term editor.
776 18 - ADDITIONAL PHYSICAL FORM ENTRY
Relationship information Erscheint auch als:
Note Druck-Ausgabe
Main entry heading Horecker, Bernard L. Current Topics in Cellular Regulation .
Title Volume 4
942 ## - ADDED ENTRY ELEMENTS (KOHA)
Source of classification or shelving scheme
Koha item type Book
Suppress in OPAC JO

No items available.

Powered by Koha